000 00471nam a22001457a 4500
999 _c513886
_d513886
008 200915b ||||| |||| 00| 0 eng d
100 _aAhmed, A., and Madoc-Jones, I.
_917712
245 _aHomelessness prevention policy in an international context: the housing act (Wales) 2014
260 _aSocial Policy and Society
300 _a19(1), Jan 2020. p. 89-93
650 _aHomeless
_917713
773 _aSocial Policy and Society
906 _aHOUSING
942 _cAR